Consideraciones en torno al excedente de productividad global (Record no. 98000)

MARC details
000 -LEADER
campo de control de longitud fija 00882nam a2200205 i 4500
001 - NÚMERO DE CONTROL
campo de control 98000
003 - IDENTIFICADOR DE NÚMERO DE CONTROL
campo de control ES-MaACL
005 - FECHA Y HORA DE LA ÚLTIMA TRANSACCIÓN
campo de control 20230906182211.0
007 - CAMPO FIJO DE DESCRIPCIÓN FÍSICA--INFORMACIÓN GENERAL
campo de control de longitud fija t|
008 - DATOS DE LONGITUD FIJA--INFORMACIÓN GENERAL
campo de control de longitud fija 050721s1980 sp |||| | spa d
100 1# - ENTRADA PRINCIPAL--NOMBRE DE PERSONA
Nombre de persona Maroto Acín, Juan Antonio.
9 (RLIN) 76962
245 10 - MENCIÓN DEL TÍTULO
Título Consideraciones en torno al excedente de productividad global
Resto del título : una propuesta para la evaluación de resultados en la empresa pública /
Mención de responsabilidad, etc. Juan Antonio Maroto Acín.
260 ## - PUBLICACIÓN, DISTRIBUCIÓN, ETC.
Lugar de publicación, distribución, etc. Madrid :
Nombre del editor, distribuidor, etc. Universidad Complutense. Facultad de Ciencias Económicas y Empresariales,
Fecha de publicación, distribución, etc. 1980.
300 ## - DESCRIPCIÓN FÍSICA
Extensión XXI, 693 p. ;
Dimensiones 21 cm.
502 ## - NOTA DE TESIS
Nota de tesis Tesis-Universidad Complutense de Madrid.
504 ## - NOTA DE BIBLIOGRAFÍA, ETC.
Nota de bibliografía, etc. Bibliografía: p. 651-693.
650 #4 - PUNTO DE ACCESO ADICIONAL DE MATERIA--TÉRMINO DE MATERIA
Término de materia o nombre geográfico como elemento de entrada Administración pública-
Subdivisión general Productividad.
9 (RLIN) 168385
710 2# - ENTRADA AGREGADA--NOMBRE DE ENTIDAD CORPORATIVA
Nombre de entidad corporativa o nombre de jurisdicción como elemento de entrada Universidad Complutense de Madrid.
Unidad subordinada Facultad de Ciencias Económicas y Empresariales.
9 (RLIN) 7115
852 ## - LOCALIZACIÓN
Ubicación ES-MaACL
Número de control de estantería L-338
Holdings
Estatus retirado Estado de pérdida Estado de daño No para préstamo Biblioteca de origen Biblioteca actual Ubicación en estantería Fecha de adquisición Fuente de adquisición Total de préstamos Signatura topográfica completa Código de barras Visto por última vez Precio de reemplazo Tipo de ítem Koha
        Biblioteca del Ateneo de Madrid Biblioteca del Ateneo de Madrid Depósito 2 17/01/2008     L-338 1102303 23/02/2023 23/02/2023 Libro impreso